[Event "AUT-chT2S 9394"]
[Site "Austria"]
[Date "1994.??.??"]
[Round "?"]
[White "Schmaranzer, Alfred"]
[Black "Wallner, Walter"]
[Result "0-1"]
[WhiteElo "2070"]
[BlackElo "2205"]
[PlyCount "74"]
[EventDate "1993.??.??"]
[EventType "team"]
[EventRounds "11"]
[EventCountry "AUT"]
[SourceTitle "EXT 1998"]
[Source "ChessBase"]
[SourceDate "1997.11.17"]
[SourceVersion "1"]
[SourceVersionDate "1997.11.17"]
[SourceQuality "1"]

1. f4 Nf6 2. Nf3 g6 3. b3 Bg7 4. Bb2 0-0 5. e3 d6 6. Be2 c5 7. 0-0 Nc6 8. Qc1 Bd7 9. d3 b5 10. d4 Qb6 11. c3 a5 12. c4 b4 13. d5 Nb8 14. Qc2 a4 15. Nbd2 Bf5 16. Bd3 Ng4 17. e4 Ne3 18. Qc1 Bxb2 19. Qxb2 Nxf1 20. Nxf1 Bg4 21. Nh4 axb3 22. axb3 Rxa1 23. Qxa1 Qa6 24. Qb1 Bd7 25. h3 Qc8 26. e5 Be8 27. g4 dxe5 28. fxe5 e6 29. Ne3 Qd8 30. Nf3 Nd7 31. g5 Nxe5 32. Nxe5 Qxg5+ 33. N3g4 h5 34. Nf3 Qf4 35. Nge5 Qg3+ 36. Kf1 f6 37. Bxg6 fxe5 0-1

[Event "AUT-chT2S 9293"]
[Site "Austria"]
[Date "1993.??.??"]
[Round "?"]
[White "Jetzl, Joerg"]
[Black "Wallner, Walter"]
[Result "0-1"]
[WhiteElo "2240"]
[BlackElo "2240"]
[PlyCount "80"]
[EventDate "1992.??.??"]
[EventType "team"]
[EventRounds "11"]
[EventCountry "AUT"]
[SourceTitle "EXT 1998"]
[Source "ChessBase"]
[SourceDate "1997.11.17"]
[SourceVersion "1"]
[SourceVersionDate "1997.11.17"]
[SourceQuality "1"]

1. d4 Nf6 2. c4 g6 3. Nc3 Bg7 4. e4 d6 5. Nf3 0-0 6. Be2 Nbd7 7. 0-0 e5 8. Re1 Re8 9. Bf1 c6 10. Qc2 a5 11. h3 exd4 12. Nxd4 Nc5 13. Bg5 h6 14. Bh4 g5 15. Bg3 Nh5 16. Nde2 Be5 17. Rad1 Qe7 18. Bh2 Be6 19. g3 Qf6 20. Qc1 Bxc4 21. f4 gxf4 22. gxf4 Kh7 23. Bg2 Rg8 24. Qe3 Qg6 25. Qf3 Bxc3 26. Nxc3 Rae8 27. f5 Qg5 28. Kh1 Nd3 29. Rg1 Ne5 30. Qf2 Nd3 31. Qe2 Ng3+ 32. Bxg3 Qxg3 33. Rd2 b5 34. Qh5 Nf2+ 35. Rxf2 Qxf2 36. b3 Bf1 37. Qxf7+ Rg7 38. Qxg7+ Kxg7 39. Bxf1+ Kf6 40. e5+ Rxe5 0-1